000 00296nam a2200121Ia 4500
008 190722s9999 xx 000 0 und d
020 _a978-0-07-0634329
100 _aMitchel R. Schultz
245 0 _aGrob's Basic Electronics
260 _aNew Delhi
_bMcGraw Hill
_c2007
300 _a1150
942 _cBK
999 _c35
_d35